[Event "RSA-chT U12"]
[Site "Cape Town"]
[Date "2016.01.06"]
[Round "6.7"]
[White "Weldon, Joshua"]
[Black "Van der Merwe, Alexander"]
[Result "0-1"]
[WhiteElo "896"]
[BlackElo "1268"]
[PlyCount "57"]
[EventDate "2016.01.04"]
[EventType "team-tourn"]
[EventRounds "7"]
[EventCountry "RSA"]
[SourceTitle "CBM 170 Extra"]
[Source "ChessBase"]
[SourceDate "2016.02.25"]
[SourceVersion "1"]
[SourceVersionDate "2016.02.25"]
[SourceQuality "1"]
[WhiteTeam "Buffalo City"]
[BlackTeam "Western Province"]
[WhiteTeamCountry "RSA"]
[BlackTeamCountry "RSA"]

1. e4 e5 2. Nf3 Nc6 3. Nc3 Nf6 4. Bc4 Bc5 5. h3 h6 6. d3 d6 7. a3 a6 8. 0-0 0-0 9. b4 Bb6 10. Bb2 Bd7 11. Nd5 Nxd5 12. Bxd5 Rb8 13. d4 exd4 14. Nxd4 Ne7 15. Ba2 Ng6 16. Qd2 Qc8 17. Qe3 Re8 18. Qc3 Bxd4 19. Qxd4 Ne5 20. f4 Bxh3 21. gxh3 Qxh3 22. Kf2 Ng4+ 23. Ke2 Qg2+ 24. Kd3 Qg3+ 25. Kc4 b5+ 26. Kd5 Nf6+ 27. Kc6 Qh3 28. f5 Rxe4 29. Qd2 0-1

[Event "RSA-chT U12"]
[Site "Cape Town"]
[Date "2016.01.04"]
[Round "2.7"]
[White "Holmes, Daniel"]
[Black "Weldon, Joshua"]
[Result "1/2-1/2"]
[WhiteElo "937"]
[BlackElo "896"]
[PlyCount "78"]
[EventDate "2016.01.04"]
[EventType "team-tourn"]
[EventRounds "7"]
[EventCountry "RSA"]
[SourceTitle "CBM 170 Extra"]
[Source "ChessBase"]
[SourceDate "2016.02.25"]
[SourceVersion "1"]
[SourceVersionDate "2016.02.25"]
[SourceQuality "1"]
[WhiteTeam "Nelson Mandela Bay"]
[BlackTeam "Buffalo City"]
[WhiteTeamCountry "RSA"]
[BlackTeamCountry "RSA"]

1. e4 e5 2. Nf3 Nc6 3. Nc3 Nf6 4. Bc4 Nxe4 5. Nxe4 d5 6. Bxd5 Qxd5 7. d3 Bc5 8. c4 Bb4+ 9. Bd2 Bxd2+ 10. Qxd2 Qd8 11. 0-0 0-0 12. h3 Re8 13. Rfe1 Nd4 14. Nxd4 exd4 15. f3 h6 16. Nf2 Rxe1+ 17. Rxe1 c5 18. Qe2 Bd7 19. Qd2 Qc7 20. Ne4 f5 21. Nf2 Re8 22. Rxe8+ Bxe8 23. Qe2 Bd7 24. g4 Qg3+ 25. Kf1 Qd6 26. gxf5 Bxf5 27. Qe8+ Kh7 28. Qf7 Qd7 29. Qd5 Qxd5 30. cxd5 Kg8 31. Kg2 Kf7 32. Kg3 g5 33. h4 gxh4+ 34. Kxh4 Ke7 35. Kg3 Kd6 36. Kf4 Bg6 37. Ne4+ Kxd5 38. Nf6+ Kd6 39. Ne4+ Kd5 1/2-1/2